| 000 | 00000nam##2200000za#4500 |
| 001 | 9.571422 |
| 003 | CaOODSP |
| 005 | 20240527135426 |
| 007 | cr ||||||||||| |
| 008 | 150406|2000||||xxc|||||o f|0| 0 eng|d |
| 040 | |aCaOODSP|beng |
| 043 | |an-cn--- |
| 086 | 1 |aCW69-5/336E-PDF |
| 110 | 2 |aCanadian Wildlife Service. |
| 245 | 10|aMultiresidue method for the determination of polychlorinated dibenzo-p-dioxins, polychlorinated dibenzofurans & non-ortho substituted polychlorinated biphenyls in wildlife tissues by HRGC/HRMS / |h[electronic resource]|c[by] M. Simon and B.J. Wakeford. |
| 260 | |bEnvironment Canada. |c2000. |
| 300 | |a52p.|bfigs., graphs, references, tables |
| 490 | 1 |aCanadian Wildlife Service, technical report series|v336 |
| 500 | |aThe catalogue number (CW69-5/336E) and ISBN (0-662-28023-7) for the print edition have been incorrectly copied in this electronic publication. |
| 546 | |a(Préface en français.) |
| 590 | |a12-04-Supp|b2012-02-20 |
| 690 | 07|aToxicology|2gcpds |
| 690 | 07|aWildlife|2gcpds |
| 720 | 1 |aSimon, M. |
| 720 | 1 |aWakeford, B. J. |
| 776 | 0#|tMultiresidue method for the determination of polychlorinated dibenzo-p-dioxins, polychlorinated dibenzofurans & non-ortho substituted polychlorinated biphenyls in wildlife tissues by HRGC/HRMS / |w(CaOODSP)9.614885 |
| 830 | #0|aTechnical report series (Canadian Wildlife Service)|v336|w(CaOODSP)9.504438 |
| 856 | 40|ahttp://publications.gc.ca|qPDF|s196 KB|uhttps://publications.gc.ca/collections/Collection/CW69-5-336E.pdf|y336 |